000 00309nam a22001337a 4500
008 181001b xxu||||| |||| 00| 0 eng d
020 _a0395608031
041 _aeng
080 _24 ED
_a321
100 _a20
101 _aPOL
245 _aWesterb Civilaziton Ideas Society
_cPery.ch
942 _2udc
_cBK
999 _c48718
_d48718